| Tag |
First Indicator |
Second Indicator |
Subfields |
| LEADER |
00000cam a22000008a 4500 |
| 001 |
in00000739655 |
| 005 |
20151016075649.0 |
| 008 |
880407s1988 onc b 10100 eng c |
| 010 |
|
|
|a cn 88093959
|
| 015 |
|
|
|a C88-93959-1
|
| 020 |
|
|
|a 0889209731 :
|c $25.95
|
| 035 |
|
|
|a (OCoLC)18015706
|
| 035 |
|
|
|9 ADG1923AM
|
| 040 |
|
|
|a CaOTU
|b eng
|c NLC
|d TXA
|d UtOrBLW
|
| 049 |
|
|
|a TXAM
|c [A11672574]
|
| 050 |
|
4 |
|a DU29
|b .W27 1988
|
| 082 |
0 |
|
|a 327/.09182/3
|2 19
|
| 245 |
0 |
0 |
|a War and diplomacy across the Pacific, 1919-1952 /
|c edited by A. Hamish Ion and Barry D. Hunt.
|
| 264 |
|
1 |
|a Waterloo, Ont. :
|b Wilfrid Laurier University Press,
|c [1988]
|
| 264 |
|
4 |
|c ©1988
|
| 300 |
|
|
|a xii, 180 pages
|
| 336 |
|
|
|a text
|b txt
|2 rdacontent
|
| 337 |
|
|
|a unmediated
|b n
|2 rdamedia
|
| 338 |
|
|
|a volume
|b nc
|2 rdacarrier
|
| 500 |
|
|
|a Proceedings of the 10th Military History Symposium held at the Royal Military College of Canada on March 17-18, 1983.
|
| 504 |
|
|
|a Includes bibliographical references and index.
|
| 651 |
|
0 |
|a Pacific Area
|x Foreign relations
|x Congresses.
|
| 651 |
|
0 |
|a Pacific Area
|x History, Military
|x Congresses.
|
| 700 |
1 |
|
|a Ion, A. Hamish.
|
| 700 |
1 |
|
|a Hunt, Barry D.
|q (Barry Dennis),
|d 1937-
|
| 711 |
2 |
|
|a Military History Symposium (Canada)
|n (10th :
|d 1983 :
|c Royal Military College)
|
| 999 |
|
|
|a MARS
|
| 999 |
f |
f |
|s 49b23717-b0f4-3a47-b11f-d911be748607
|i 9842ab81-f966-3807-81d6-74e7d1dcfbc4
|t 0
|
| 952 |
f |
f |
|p ric
|a Texas A&M University
|b Rellis Campus
|c Joint Library Facility
|d Remote Storage
|t 0
|e DU29 .W27 1988
|h Library of Congress classification
|i unmediated -- volume
|m A14811672574
|
| 998 |
f |
f |
|a DU29 .W27 1988
|t 0
|l Remote Storage
|